|
|
|
|
| LEADER |
00000nab a2200000 a 4500 |
| 001 |
vtls009488564 |
| 003 |
SK-MaSNL |
| 005 |
20260318043900.0 |
| 008 |
090331c20090305xo dr| 0 0slo |
| 038 |
|
|
|a RVGKPD
|
| 040 |
|
|
|a RVGKPD
|b slo
|c RVGKPD
|e AACR2
|
| 041 |
|
|
|a slo
|
| 044 |
|
|
|a xo
|c SK
|
| 080 |
|
|
|a 796.966
|2 1997
|
| 100 |
1 |
|
|a Csobádi, Karol,
|d 1956-2016
|4 aut
|9 1634959
|
| 245 |
1 |
0 |
|a Pomyselný turnajový pohár putoval do Revúcej
|c Karol Csobádi
|
| 300 |
|
|
|b Fotogr.
|
| 650 |
0 |
7 |
|a ľadový hokej
|2 rvgkpd
|9 3231
|
| 650 |
0 |
7 |
|a hokejové súťaže
|2 rvgkpd
|9 92245
|
| 651 |
|
7 |
|a Rožňava (Slovensko)
|2 rvgkpd
|9 17394
|
| 773 |
0 |
|
|t Gemerský korzár
|g Roč. XI, č. 53 (5.3.2009), s. 23
|x 1335-7581
|
| 852 |
|
|
|a RVGKPD
|b KIS3G
|
| 992 |
|
|
|a RBX
|
| 999 |
|
|
|c 1701721
|d 1703651
|